Bibliobús Tagamanent : [2014] [2014]
Descripción Física:
1 punt de llibre desplegable ; il. col. ; 20 x 6 cm.
Idioma:
Catalán
MARC
| LEADER | 00000nrm a22000007a 4500 | ||
|---|---|---|---|
| 001 | 27178 | ||
| 003 | Arxiu | ||
| 005 | 20260324181148.0 | ||
| 008 | 221227b spa||||| |||| 00| 0 cat d | ||
| 017 | |a B 28863-2013 | ||
| 040 | |a agdb |b cat | ||
| 041 | |a cat | ||
| 245 | |a Bibliobús Tagamanent : |b [2014] | ||
| 260 | |a Barcelona : |b Xarxa de Biblioteques Municipals ; |c 2013 | ||
| 300 | |a 1 punt de llibre desplegable ; |b il. col. ; |c 20 x 6 cm. | ||
| 501 | |a Conté els horaris de l'any 2014 del Bibliobús Tagamanent. | ||
| 610 | 2 | 0 | |9 52875 |a Bibliobús Tagamanent |
| 650 | 0 | |9 30563 |a Bibliobusos |z Barcelona (Catalunya : Província) | |
| 655 | 0 | |9 52700 |a Punts de llibre | |
| 710 | 1 | |9 52650 |a Barcelona (Catalunya : Província). |b Xarxa de Biblioteques Municipals | |
| 942 | |2 udc |c ARXIU |n 1 | ||
| 952 | |0 0 |1 0 |2 udc |4 0 |6 NBM1698 |7 1 |9 64919 |a Arxiu |b Arxiu |d 2022-12-27 |l 0 |o NBM-16-98 |p 27178 |r 2022-12-27 00:00:00 |w 2022-12-27 |y ARXIU | ||
| 999 | |c 82879 |d 82879 | ||